000 00223nam a22000857a 4500
008 250425b |||||||| |||| 00| 0 eng d
020 _a9781408855676
100 _aRowling J K
245 _aharry Potter and the Prisoner of Askaban
999 _c12755
_d12755